Prezident komory rozpráva o dolnorakúskom poľnohospodárstve

Bibliographic Details
Main Authors: Lilge, Wilhelm (Author), Duchoňová, Xénia (Author)
Format: Article
Language:Slovak
ISSN:0323-2670
Subjects:

MARC

LEADER 00000nab a2200000 a 4500
001 vtls000491929
003 SK-MaSNL
005 20260304080955.0
008 250424c1993 xo 0 slo
015 |a SNBRB19rr/mm-uuuuu 
035 |a CL0492067 
035 |a urn:nbn:sk:snk-ab2s5i 
035 |a (urnnbn)urn:nbn:sk:snk:ar-a02v25 
035 |a (uuid)c17c9b14-d4fe-4bd0-bf27-1cdbf6ea428f 
040 |a SNKBUCL  |b slo  |c SNKBUCL  |e AACR2 
041 0 |a slo 
044 |a xo  |c SK 
080 |a 631(436)  |2 1981 
100 1 |a Lilge, Wilhelm  |4 aut  |9 1368924 
245 1 0 |a Prezident komory rozpráva o dolnorakúskom poľnohospodárstve  |c Wilhelm Lilge, Xénia Duchoňová 
650 0 7 |a poľnohospodárstvo  |2 snkbucl  |9 679 
651 7 |a Rakúsko  |2 snkbucl  |9 18533 
655 7 |a články z novín a časopisov  |2 snkbucl  |9 267496 
700 1 |a Duchoňová, Xénia  |4 aut  |9 890912 
773 0 |t Agroekonomika  |g Roč. 2, č. 8 (1993), s. 370-371  |x 0323-2670 
850 |a Slovenská národná knižnica 
852 |a Slovenská národná knižnica 
954 |a odborná, vedecká literatúra pôvodná (slovenská)  |2 lita 
958 |a article27 
958 |a OND 
958 |a RK 
958 |a EUIPO 
992 |a RBX 
999 |c 2788949  |d 2790879